000 00896nmb a2200265uu 4500
001 03226
003 HDC
007 cr aa aaaau
008 210104p2015 -uk||||| |||| 00| 0 eng d
040 _aHDC
100 _aTieman, Marco
_eauthor
_9653
245 0 _aHalal clusters / by
_cMarco Tieman
260 _aBingley, UK :
_bEmerald Group Publishing Limited,
_c2015
300 _a1 online resource (22 pages) :
_billustrations
336 _atext
_2rdacontent
337 _acomputer
_2rdamedia
338 _aonline resource
_2rdacarrier
650 _aAgri-food clusters
_92216
650 _aHalal clusters
_92217
650 _aHalal supply chain management
_91008
856 _zRequest full-text at [email protected]
942 _2lcc
942 _cAR
942 _kJART 001095
999 _c612
_d612